OPAC Home

21 වන සියවසේ මානව සංවර්ධනය (Record no. 116846)

MARC details
000 -LEADER
fixed length control field 00472nam a2200157Ia 4500
003 - CONTROL NUMBER IDENTIFIER
control field LK-CoDNM
008 - FIXED-LENGTH DATA ELEMENTS--GENERAL INFORMATION
fixed length control field 010623t1995 xxu||||| |||| 00| 1 sin d
040 ## - CATALOGING SOURCE
Original cataloging agency LK-CoDNM
Modifying agency LK-CoDNM
Description conventions LK-CoDNM
041 ## - LANGUAGE CODE
Language code of text/sound track or separate title Sinhala; Sinhalese
080 ## - UNIVERSAL DECIMAL CLASSIFICATION NUMBER
Universal Decimal Classification number 659.3
Item number VIS
942 ## - ADDED ENTRY ELEMENTS (KOHA)
Koha item type Books
245 ## - TITLE STATEMENT
Title 21 වන සියවසේ මානව සංවර්ධනය
246 ## - VARYING FORM OF TITLE
Title proper/short title 21 wana Siyawase Manawa Sanwardenaya
260 ## - PUBLICATION, DISTRIBUTION, ETC. (IMPRINT)
Name of publisher, distributor, etc. Samaja Sanwardena Abyasa Ayathanaya
Place of publication, distribution, etc. Colombo
Date of publication, distribution, etc. 1995
300 ## - PHYSICAL DESCRIPTION
Other physical details 72p, 21 cm
Holdings
Withdrawn status Lost status Damaged status Not for loan Collection code Permanent Location Current Location Date acquired Full call number Barcode Koha item type
        Monographs Library National Museum Colombo - Sri Lanka Library National Museum Colombo - Sri Lanka 2023-08-02 659.3 VIS P22311 Books
Copyright © 2023 Department of National Museum, Colombo 07, Sri Lanka Funded by UNESCO IFAP UNESCO